Sibrafürdő
Spišská Kapitula vyhlásila konkurz na prenájom kúpeľov Sivá brada. Prihlásilo sa viacero uchádzačov, a tak všetci dúfajú, že sa kúpele dostanú do rúk odborníkov a pritiahnu väčšie investície.
| Médium: | Článok |
|---|---|
| Jazyk: | Hungarian |
| Témy: | |
| Zdroj: |
1. Szepesi Lapok : Politikai És Tátrai Ujság 1. Roč. XXXIII, č. 23 (27.2.1917), s. 3 |
| LEADER | 01039nab#a2200349#ar4500 | ||
|---|---|---|---|
| 001 | 000127421 | ||
| 003 | SVKKK | ||
| 005 | 20210525114109.0 | ||
| 008 | 131126d1917 xo |||||||||||||||b|hun | ||
| FMT | |||
| 038 | |a SVKKK | ||
| 040 | |a SVKKK |b slo |e AACR2 | ||
| 041 | 0 | |a hun | |
| 044 | |a xo |c SK | ||
| 080 | |a 613.41 |2 2011 | ||
| 080 | |a (439.22) |2 2011 | ||
| 242 | 1 | 0 | |a Kúpele Sivá brada |
| 245 | 1 | 0 | |a Sibrafürdő |
| 520 | 3 | |a Spišská Kapitula vyhlásila konkurz na prenájom kúpeľov Sivá brada. Prihlásilo sa viacero uchádzačov, a tak všetci dúfajú, že sa kúpele dostanú do rúk odborníkov a pritiahnu väčšie investície. | |
| 545 | |a Különfélék | ||
| 648 | 0 | 4 | |a 1917 |
| 650 | 0 | 4 | |a kúpele |
| 651 | 4 | |a Spišské Podhradie (Slovensko) | |
| 651 | 4 | |a Spišská Kapitula (Slovensko) | |
| 655 | 4 | |a hungariká | |
| 773 | 0 | |t Szepesi Lapok : Politikai És Tátrai Ujság |g Roč. XXXIII, č. 23 (27.2.1917), s. 3 | |
| 958 | |a HU | ||
| 974 | |a vsz | ||
| 992 | |a RBX | ||
| BAS | |||
| 852 | |a SVKKK |b BIB | ||
| 998 | |a RETRO | ||